[Event "4. Open Hotel Avenida de Canarias 2010"]
[Site "Vecindario ESP"]
[Date "2010.07.18"]
[Round "2.21"]
[White "Rodriguez Perez, Jezabel"]
[Black "Vega Gutierrez, Belinda"]
[Result "1/2-1/2"]
[WhiteElo "1905"]
[BlackElo "2266"]
[PlyCount "109"]
[EventDate "2010.07.18"]
[EventType "swiss"]
[EventRounds "9"]
[EventCountry "ESP"]
[Source "lmi"]
[SourceDate "2010.07.18"]

1. Nf3 d5 2. d4 Nf6 3. Bf4 e6 4. e3 c5 5. c3 Nc6 6. Nbd2 Bd6 7. Ne5 Qc7 8. Qa4
Bd7 9. Nxd7 Nxd7 10. Bxd6 Qxd6 11. dxc5 Nxc5 12. Qg4 O-O 13. O-O-O Qc7 14. h4
f5 15. Qe2 Rab8 16. Qb5 b6 17. Kb1 a6 18. Qe2 b5 19. f3 Ne5 20. e4 fxe4 21.
fxe4 Ncd3 22. Nf3 Nf4 23. Qc2 Ng4 24. Re1 dxe4 25. Rxe4 Qa7 26. Rd4 e5 27. Ng5
Nf6 28. Rd1 h6 29. Qb3+ Kh8 30. Ne6 Nxe6 31. Qxe6 Rbe8 32. Qc6 Ng4 33. Rd7 Qf2
34. Qg6 Qf5+ 35. Qxf5 Rxf5 36. Be2 Nf2 37. Rf1 e4 38. Rd6 e3 39. Kc2 Rfe5 40.
a3 R5e6 41. Rd7 Rg6 42. Bh5 Ree6 43. Bxg6 Rxg6 44. Re1 Re6 45. Rf7 h5 46. Rf3
Ng4 47. Kd1 Rd6+ 48. Kc1 Kh7 49. Re2 Kg6 50. Kc2 a5 51. b3 Rc6 52. Kb2 Rd6 53.
Kc2 Rc6 54. Kb2 Rd6 55. Kc2 1/2-1/2

[Event "4. Open Hotel Avenida de Canarias 2010"]
[Site "Vecindario ESP"]
[Date "2010.07.18"]
[Round "2.22"]
[White "Menvielle Laccourreye, Augusto"]
[Black "Cruz Pino, Adrian"]
[Result "1-0"]
[WhiteElo "2245"]
[BlackElo "1871"]
[PlyCount "93"]
[EventDate "2010.07.18"]
[EventType "swiss"]
[EventRounds "9"]
[EventCountry "ESP"]
[Source "lmi"]
[SourceDate "2010.07.18"]

1. e4 c5 2. Nf3 d6 3. c3 Nf6 4. Bd3 Nc6 5. Bc2 Bg4 6. d3 g6 7. Nbd2 Bg7 8. h3
Bd7 9. O-O O-O 10. Re1 Qc7 11. Nf1 Rac8 12. Bf4 e5 13. Bg5 h6 14. Be3 Nh5 15.
Qd2 g5 16. Rac1 Nf4 17. Ng3 Ne7 18. d4 b6 19. Kh2 Rcd8 20. Bxf4 gxf4 21. Nh5
Ng6 22. Rcd1 Bc8 23. Qe2 Qe7 24. Rd2 Qc7 25. Red1 Kh7 26. Bb3 Be6 27. dxe5 dxe5
28. Bxe6 fxe6 29. Qc4 Rxd2 30. Rxd2 Qc6 31. b4 Rf7 32. b5 Qe8 33. Rd6 Re7 34.
Nxg7 Kxg7 35. a4 Kf6 36. Qd3 Nf8 37. Nd2 Rd7 38. Nc4 Rxd6 39. Qxd6 Ng6 40. Qd1
Kg7 41. Qg4 Kf6 42. h4 Qh8 43. h5 Ne7 44. Qh4+ Kf7 45. g3 f3 46. g4 Ke8 47. Qg3
1-0

[Event "4. Open Hotel Avenida de Canarias 2010"]
[Site "Vecindario ESP"]
[Date "2010.07.18"]
[Round "2.23"]
[White "Estevez Hernandez, Cristo"]
[Black "Torres Ventosa, Pedro Eugenio"]
[Result "0-1"]
[WhiteElo "1870"]
[BlackElo "2245"]
[PlyCount "100"]
[EventDate "2010.07.18"]
[EventType "swiss"]
[EventRounds "9"]
[EventCountry "ESP"]
[Source "lmi"]
[SourceDate "2010.07.18"]

1. d4 Nf6 2. c4 g6 3. Nc3 d5 4. cxd5 Nxd5 5. e4 Nxc3 6. bxc3 Bg7 7. Nf3 c5 8.
Rb1 O-O 9. Be2 b6 10. O-O Bb7 11. Qd3 Qc7 12. Bg5 e6 13. e5 Nd7 14. Qe3 Rae8
15. Bb5 Bc6 16. Bxc6 Qxc6 17. Rfd1 Qc7 18. Bf4 Qc6 19. Bg5 a6 20. h3 b5 21. Kh1
c4 22. Nd2 f6 23. Bf4 fxe5 24. Bxe5 Bxe5 25. dxe5 Nc5 26. Nf3 Nd3 27. a4 Qd5
28. axb5 axb5 29. Kg1 Rf5 30. Ra1 Ra8 31. Rxa8+ Qxa8 32. Qb6 Qd5 33. Ra1 Nxe5
34. Qb8+ Kg7 35. Nxe5 Qxe5 36. Ra7+ Kh6 37. Qg8 Qe1+ 38. Kh2 Qxf2 39. Rxh7+ Kg5
40. h4+ Kf4 41. Qxg6 Ke5 42. Rh6 Qf4+ 43. Kg1 Qf2+ 44. Kh1 Qe1+ 45. Kh2 Kf4 46.
Qg7 e5 47. Qg6 Qxc3 48. g3+ Ke4 49. Qg4+ Kd5 50. Rb6 Qe3 0-1

[Event "4. Open Hotel Avenida de Canarias 2010"]
[Site "Vecindario ESP"]
[Date "2010.07.18"]
[Round "2.24"]
[White "Morales Camacho, Julian"]
[Black "Marrero Lopez, Agustin"]
[Result "1-0"]
[WhiteElo "2223"]
[BlackElo "1869"]
[PlyCount "87"]
[EventDate "2010.07.18"]
[EventType "swiss"]
[EventRounds "9"]
[EventCountry "ESP"]
[Source "lmi"]
[SourceDate "2010.07.18"]

1. c4 g6 2. e3 Bg7 3. a3 b6 4. Nf3 Bb7 5. Be2 e6 6. O-O Ne7 7. d3 d6 8. Nbd2
Nd7 9. Rb1 O-O 10. b4 c5 11. Bb2 cxb4 12. Bxg7 Kxg7 13. axb4 Qc7 14. Qb3 Rab8
15. Rfc1 Rfc8 16. Ra1 a6 17. Qb2+ Kg8 18. h4 Qd8 19. h5 Qf8 20. hxg6 fxg6 21.
Ng5 e5 22. Bf3 Bxf3 23. Ndxf3 Ra8 24. Qb3 h6 25. Ne4 Nf5 26. c5+ Kg7 27. cxd6
Qf7 28. Qxf7+ Kxf7 29. Rxc8 Rxc8 30. g4 Ng7 31. Rxa6 Ne8 32. d4 exd4 33. Nxd4
Nef6 34. Nxf6 Kxf6 35. f4 Rc4 36. Ra7 Rxd4 37. exd4 Ke6 38. Kf2 Kxd6 39. Kf3
Nf6 40. Rg7 h5 41. g5 Nd5 42. Rxg6+ Kc7 43. b5 Nc3 44. Rc6+ 1-0

[Event "4. Open Hotel Avenida de Canarias 2010"]
[Site "Vecindario ESP"]
[Date "2010.07.18"]
[Round "2.25"]
[White "Buet, Samuel"]
[Black "Trujillo Alvarado, Ivan"]
[Result "0-1"]
[WhiteElo "1858"]
[BlackElo "2196"]
[PlyCount "60"]
[EventDate "2010.07.18"]
[EventType "swiss"]
[EventRounds "9"]
[EventCountry "ESP"]
[Source "lmi"]
[SourceDate "2010.07.18"]

1. Nf3 Nf6 2. e3 g6 3. b3 Bg7 4. Bb2 d6 5. Be2 Nbd7 6. d3 O-O 7. Nbd2 e5 8. c4
Ne8 9. Qc2 a5 10. a3 f5 11. O-O-O Qe7 12. d4 e4 13. Ne1 c6 14. g3 b6 15. Ng2
Ba6 16. h4 h5 17. Nf4 Qf7 18. Rhe1 Nef6 19. Kb1 Rfc8 20. f3 d5 21. fxe4 dxe4
22. Ka1 Nf8 23. Nb1 Ne6 24. Nc3 Nxf4 25. gxf4 g5 26. c5 Rd8 27. Na2 Bc8 28. b4
Be6 29. Bc3 Nd5 30. Qd2 Nxc3 0-1

[Event "4. Open Hotel Avenida de Canarias 2010"]
[Site "Vecindario ESP"]
[Date "2010.07.18"]
[Round "2.26"]
[White "Natalicchio Escalante, Nicolas"]
[Black "Diaz Suarez, Cayetano"]
[Result "1-0"]
[WhiteElo "2193"]
[BlackElo "1847"]
[PlyCount "81"]
[EventDate "2010.07.18"]
[EventType "swiss"]
[EventRounds "9"]
[EventCountry "ESP"]
[Source "lmi"]
[SourceDate "2010.07.18"]

1. d4 Nf6 2. c4 e6 3. Nc3 d5 4. cxd5 exd5 5. Bg5 c6 6. e3 Bd6 7. Qc2 Nbd7 8.
Bd3 h6 9. Bh4 Qa5 10. Nge2 O-O 11. f3 Re8 12. Bf2 Nf8 13. O-O Qc7 14. h3 Nh5
15. e4 dxe4 16. fxe4 Bh2+ 17. Kh1 Ng3+ 18. Bxg3 Bxg3 19. e5 Bh4 20. Nb5 Qd8 21.
Nd6 Re7 22. Bc4 Be6 23. Bxe6 Nxe6 24. g3 Bg5 25. h4 Be3 26. Qd3 Nc7 27. Rf3 Nd5
28. Nf5 Nb4 29. Qxe3 Nc2 30. Nxe7+ Qxe7 31. Qc1 Nxa1 32. Qxa1 Qe6 33. Nf4 Qf5
34. Qf1 Qe4 35. Qd3 Qe1+ 36. Qf1 Qb4 37. Qc1 Qb5 38. Rf2 Rd8 39. Qc5 Qa4 40. b3
Qa6 41. e6 1-0

[Event "4. Open Hotel Avenida de Canarias 2010"]
[Site "Vecindario ESP"]
[Date "2010.07.18"]
[Round "2.31"]
[White "Rodriguez Melian, Jose Luis"]
[Black "Fidalgo Fernandez, Lucia"]
[Result "1-0"]
[WhiteElo "2067"]
[BlackElo "2102"]
[PlyCount "147"]
[EventDate "2010.07.18"]
[EventType "swiss"]
[EventRounds "9"]
[EventCountry "ESP"]
[Source "lmi"]
[SourceDate "2010.07.18"]

1. d4 d5 2. c4 dxc4 3. e3 Nf6 4. Bxc4 a6 5. Nf3 b5 6. Bd3 Bb7 7. O-O e6 8. Qe2
c5 9. Rd1 Nbd7 10. a3 cxd4 11. exd4 Bd6 12. Nc3 Qb8 13. h3 O-O 14. Bg5 Rc8 15.
Rac1 Bf4 16. Bxf4 Qxf4 17. Qe3 Qxe3 18. fxe3 Nb6 19. Ne5 Nbd5 20. Nxd5 Bxd5 21.
Rc5 Ne8 22. Rdc1 Nd6 23. Kf2 Re8 24. Nd7 Be4 25. Be2 Bd5 26. Rc7 Ne4+ 27. Ke1
Rad8 28. Bf3 Nd6 29. Kf2 Nc4 30. Rc2 Rc8 31. Rxc8 Rxc8 32. b3 Nb6 33. Rxc8+
Nxc8 34. Bxd5 exd5 35. b4 Nd6 36. Nc5 Nc4 37. Nxa6 Nxa3 38. Nc7 f6 39. Nxd5 Kf7
40. Nc3 Nc2 41. Na2 Ke6 42. Ke2 Kd5 43. Kd2 Na3 44. Kd3 f5 45. Nc3+ Ke6 46. e4
f4 47. e5 Kf5 48. Ne4 Ke6 49. Ng5+ Kd5 50. Nxh7 Nc4 51. Ng5 Nb2+ 52. Ke2 Nc4
53. e6 Kd6 54. Kd3 Ne3 55. g3 Nd5 56. gxf4 Nxf4+ 57. Ke4 Nd5 58. Kf5 Nxb4 59.
Ne4+ Ke7 60. Nc3 g6+ 61. Kxg6 Kxe6 62. Nxb5 Kd5 63. h4 Nd3 64. Kg5 Ke6 65. h5
Kf7 66. Nd6+ Kg7 67. Ne4 Nb4 68. Kf5 Nd3 69. d5 Nb4 70. d6 Nc6 71. Ke6 Nd8+ 72.
Ke7 Nc6+ 73. Ke8 Kh6 74. Ng3 1-0

[Event "4. Open Hotel Avenida de Canarias 2010"]
[Site "Vecindario ESP"]
[Date "2010.07.18"]
[Round "2.32"]
[White "Caritg Creus, Carlos"]
[Black "Rodrigo Yanguas, Maria"]
[Result "0-1"]
[WhiteElo "1704"]
[BlackElo "2092"]
[PlyCount "56"]
[EventDate "2010.07.18"]
[EventType "swiss"]
[EventRounds "9"]
[EventCountry "ESP"]
[Source "lmi"]
[SourceDate "2010.07.18"]

1. b3 e5 2. Bb2 Nc6 3. e3 d5 4. Bb5 Bd6 5. Ne2 Nf6 6. d3 O-O 7. Bxc6 bxc6 8. c4
Re8 9. Nd2 Bf5 10. Qc2 e4 11. d4 Bg4 12. Ng3 Nd7 13. h3 Be6 14. O-O-O Qg5 15.
Ndf1 f5 16. c5 Be7 17. Qd2 Rf8 18. Kb1 f4 19. exf4 Qxf4 20. Qxf4 Rxf4 21. f3
exf3 22. gxf3 Rxf3 23. Re1 Kf7 24. Rg1 Bxh3 25. Rh1 Bxf1 26. Nxf1 h6 27. Nh2
Rf4 28. Rhg1 Bf6 0-1

[Event "4. Open Hotel Avenida de Canarias 2010"]
[Site "Vecindario ESP"]
[Date "2010.07.18"]
[Round "2.34"]
[White "Ramirez Medina, Victor"]
[Black "Carmona Ojeda, Victor"]
[Result "1-0"]
[WhiteElo "1794"]
[BlackElo "1540"]
[PlyCount "59"]
[EventDate "2010.07.18"]
[EventType "swiss"]
[EventRounds "9"]
[EventCountry "ESP"]
[Source "lmi"]
[SourceDate "2010.07.18"]

1. e4 c5 2. Nf3 Nc6 3. Nc3 g6 4. d4 cxd4 5. Nxd4 Bg7 6. Be3 Nf6 7. Bc4 d6 8. f3
O-O 9. Qd2 Bd7 10. O-O-O a6 11. h4 b5 12. Bb3 Ne5 13. Bg5 Qb6 14. Bxf6 exf6 15.
Nde2 Nc4 16. Bxc4 bxc4 17. Qxd6 Bc6 18. Nd5 Qb7 19. Ne7+ Kh8 20. Nxc6 f5 21. e5
Rfe8 22. Ned4 a5 23. h5 Bh6+ 24. Kb1 c3 25. b3 Bg7 26. hxg6 fxg6 27. Qxg6 Bxe5
28. Nxe5 Rxe5 29. Nxf5 Rae8 30. Qf6+ 1-0

[Event "4. Open Hotel Avenida de Canarias 2010"]
[Site "Vecindario ESP"]
[Date "2010.07.18"]
[Round "2.35"]
[White "Quiza Vazquez, Carolina"]
[Black "Perez Castellano, Susana"]
[Result "0-1"]
[WhiteElo "1558"]
[BlackElo "1794"]
[PlyCount "104"]
[EventDate "2010.07.18"]
[EventType "swiss"]
[EventRounds "9"]
[EventCountry "ESP"]
[Source "lmi"]
[SourceDate "2010.07.18"]

1. d4 Nf6 2. c3 e6 3. Nf3 c5 4. Bg5 d5 5. Nbd2 Nbd7 6. e3 Be7 7. Be2 O-O 8. O-O
b6 9. Qc2 Bb7 10. Rab1 Qc7 11. Rfc1 Rfc8 12. Qd1 Bd6 13. b4 Ne4 14. Bh4 cxb4
15. cxb4 Nc3 16. Qe1 Qb8 17. Ra1 Bxb4 18. Bg3 Bd6 19. Bxd6 Qxd6 20. Bd3 Rc7 21.
Rc2 Rac8 22. Nb3 Nf6 23. Rac1 Nfe4 24. Ne5 f6 25. f3 fxe5 26. fxe4 dxe4 27.
Rxc3 exd3 28. Rxd3 Qd5 29. Rd2 Rxc1 30. Nxc1 exd4 31. exd4 e5 32. Nb3 e4 33.
Qe3 a5 34. a4 Ba6 35. Rb2 Rc4 36. Nd2 Rc1+ 37. Kf2 Qf5+ 38. Kg3 Qg6+ 39. Kf2
Qf7+ 40. Kg3 Qc7+ 41. Kf2 Qxh2 42. Qxe4 Qg1+ 43. Kf3 Rc3+ 44. Kf4 Qh2+ 45. Kf5
Bc8+ 46. Qe6+ Bxe6+ 47. Kxe6 Qh6+ 48. Ke5 Re3+ 49. Kf5 Qe6+ 50. Kg5 Rg3+ 51.
Kf4 Qe3+ 52. Kf5 Rg5# 0-1

[Event "4. Open Hotel Avenida de Canarias 2010"]
[Site "Vecindario ESP"]
[Date "2010.07.18"]
[Round "2.36"]
[White "Marrero Cardenes, Agustin"]
[Black "Salcedo Izquierdo, Rafael"]
[Result "1-0"]
[WhiteElo "1788"]
[BlackElo "1474"]
[PlyCount "71"]
[EventDate "2010.07.18"]
[EventType "swiss"]
[EventRounds "9"]
[EventCountry "ESP"]
[Source "lmi"]
[SourceDate "2010.07.18"]

1. d4 c5 2. d5 Nf6 3. c4 d6 4. Nc3 g6 5. e4 Bg7 6. Nf3 O-O 7. Be2 a6 8. O-O Bg4
9. h3 Bxf3 10. Bxf3 e5 11. dxe6 fxe6 12. e5 dxe5 13. Be3 Qc7 14. Qb3 Nc6 15.
Bxc5 Rfd8 16. Bb6 Qe7 17. Bxd8 Rxd8 18. Rad1 Nd4 19. Qxb7 Nxf3+ 20. Qxf3 Rd4
21. Rxd4 exd4 22. Ne4 e5 23. Rd1 Nxe4 24. Qxe4 Qa7 25. Qd5+ Kf8 26. Rd3 Bf6 27.
Rf3 Kg7 28. c5 Qe7 29. Rb3 Kh8 30. Rb7 Qe8 31. Qf7 Qxf7 32. Rxf7 Bd8 33. c6 e4
34. c7 Bxc7 35. Rxc7 d3 36. Kf1 1-0

[Event "4. Open Hotel Avenida de Canarias 2010"]
[Site "Vecindario ESP"]
[Date "2010.07.18"]
[Round "2.37"]
[White "Biscarri Candalia, Oscar"]
[Black "Viera Falcon, Cristo"]
[Result "0-1"]
[WhiteElo "1527"]
[BlackElo "1782"]
[PlyCount "31"]
[EventDate "2010.07.18"]
[EventType "swiss"]
[EventRounds "9"]
[EventCountry "ESP"]
[Source "lmi"]
[SourceDate "2010.07.18"]

1. d4 Nf6 2. c4 e6 3. Nc3 b6 4. e4 Bb4 5. Qc2 Bb7 6. Bd3 c5 7. Nge2 d5 8. cxd5
exd5 9. exd5 Qxd5 10. f3 cxd4 11. a3 dxc3 12. axb4 cxb2 13. Bxb2 Qc6 14. Nc3
O-O 15. Qe2 Re8 16. Ne4 0-1

[Event "4. Open Hotel Avenida de Canarias 2010"]
[Site "Vecindario ESP"]
[Date "2010.07.18"]
[Round "2.38"]
[White "Rivas Crespo, Alejandro"]
[Black "Rodriguez Rodriguez, Eduardo"]
[Result "1-0"]
[WhiteElo "1755"]
[BlackElo "1437"]
[PlyCount "85"]
[EventDate "2010.07.18"]
[EventType "swiss"]
[EventRounds "9"]
[EventCountry "ESP"]
[Source "lmi"]
[SourceDate "2010.07.18"]

1. e4 d5 2. exd5 Qxd5 3. Nc3 Qa5 4. d4 Nf6 5. Nf3 Bg4 6. Bc4 Nc6 7. O-O O-O-O
8. Be3 e6 9. a3 e5 10. d5 Nd4 11. Bxd4 exd4 12. Qxd4 Bxf3 13. gxf3 Bc5 14. Qd3
Qb6 15. b4 Be7 16. Ne4 Nxe4 17. fxe4 Qh6 18. e5 f6 19. Qe3 Qg6+ 20. Kh1 fxe5
21. Qxe5 Bd6 22. Qe6+ Kb8 23. Qxg6 hxg6 24. f4 Rh4 25. Kg2 Rdh8 26. Rh1 Bxf4
27. Rae1 a6 28. Re4 g5 29. h3 Rf8 30. Be2 Kc8 31. Bg4+ Kd8 32. Rhe1 c6 33. Re7
cxd5 34. Rd7+ Kc8 35. Rf7+ Kd8 36. Rxf8+ Kc7 37. Rc8+ Kd6 38. Re6+ Kd7 39. Rce8
Kc7 40. R8e7+ Kd8 41. Rxg7 d4 42. Rf6 Ke8 43. Rff7 1-0

[Event "4. Open Hotel Avenida de Canarias 2010"]
[Site "Vecindario ESP"]
[Date "2010.07.18"]
[Round "2.39"]
[White "Suarez Ramirez, Jonay"]
[Black "Monzon Aleman, Ayoze"]
[Result "0-1"]
[WhiteElo "1444"]
[BlackElo "1750"]
[PlyCount "60"]
[EventDate "2010.07.18"]
[EventType "swiss"]
[EventRounds "9"]
[EventCountry "ESP"]
[Source "lmi"]
[SourceDate "2010.07.18"]

1. d4 d5 2. c4 e6 3. Nc3 Nf6 4. Nf3 h6 5. Bf4 Bd6 6. Bxd6 Qxd6 7. e3 b6 8. Bd3
dxc4 9. Bxc4 Bb7 10. O-O Nbd7 11. Rc1 a6 12. Be2 Rc8 13. Qa4 b5 14. Qc2 c5 15.
Rfd1 b4 16. dxc5 Qxc5 17. Rd3 O-O 18. Nd4 bxc3 19. Rxc3 Qg5 20. Nf3 Bxf3 21.
Bxf3 Rxc3 22. Qxc3 Qb5 23. h3 Nd5 24. Bxd5 Qxd5 25. a3 Nf6 26. Qc2 Rd8 27. Qe2
a5 28. Kh1 Ne4 29. Kg1 Nd2 30. Rd1 Nf3+ 0-1

[Event "4. Open Hotel Avenida de Canarias 2010"]
[Site "Vecindario ESP"]
[Date "2010.07.18"]
[Round "2.41"]
[White "Manchon Santana, Alberto"]
[Black "Aguila Hernandez, Eduardo"]
[Result "0-1"]
[WhiteElo "1312"]
[BlackElo "1734"]
[PlyCount "110"]
[EventDate "2010.07.18"]
[EventType "swiss"]
[EventRounds "9"]
[EventCountry "ESP"]
[Source "lmi"]
[SourceDate "2010.07.18"]

1. d4 d5 2. c4 e6 3. cxd5 exd5 4. Nc3 Nf6 5. Bg5 Nbd7 6. Nf3 c6 7. e3 Bb4 8.
Bd3 Qa5 9. Qc2 O-O 10. O-O h6 11. Bh4 Bxc3 12. bxc3 Qc7 13. Nd2 Re8 14. Bg3 Qd8
15. e4 dxe4 16. Bxe4 Nxe4 17. Nxe4 Nf6 18. Rfe1 Bf5 19. f3 Kh8 20. Rac1 Rc8 21.
Nd6 Bxc2 22. Nxf7+ Kh7 23. Nxd8 Rxe1+ 24. Bxe1 Rxd8 25. Rxc2 Re8 26. Bh4 Nd5
27. Bf2 Kg6 28. g4 Kg5 29. h4+ Kf4 30. Kg2 Ne3+ 31. Bxe3+ Rxe3 32. c4 Rxf3 33.
Rf2 Rxf2+ 34. Kxf2 Ke4 35. Kg3 Kxd4 36. Kf4 g6 37. h5 gxh5 38. gxh5 Kxc4 39.
Kf5 Kd3 40. Kg6 c5 41. Kxh6 c4 42. Kg7 c3 43. h6 c2 44. h7 c1=Q 45. h8=Q Qc3+
46. Kg8 Qxh8+ 47. Kxh8 Kc3 48. Kg7 Kb4 49. Kf7 Ka3 50. Ke7 b5 51. Kd6 Kxa2 52.
Kc5 a6 53. Kb4 Kb2 54. Ka5 Kc3 55. Kxa6 b4 0-1

[Event "4. Open Hotel Avenida de Canarias 2010"]
[Site "Vecindario ESP"]
[Date "2010.07.19"]
[Round "3.1"]
[White "Salgado Lopez, Ivan"]
[Black "Robin, Samy"]
[Result "1-0"]
[WhiteElo "2607"]
[BlackElo "2308"]
[PlyCount "81"]
[EventDate "2010.07.18"]
[EventType "swiss"]
[EventRounds "9"]
[EventCountry "ESP"]
[Source "lmi"]
[SourceDate "2010.07.18"]

1. d4 Nf6 2. c4 g6 3. Nc3 Bg7 4. e4 d6 5. f3 O-O 6. Bg5 h6 7. Be3 e5 8. d5 Ne8
9. Qd2 f5 10. O-O-O f4 11. Bf2 b6 12. g3 Nd7 13. Bh3 a5 14. Nb5 Nc5 15. Bxc8
Qxc8 16. Kb1 Nf6 17. Be1 Rf7 18. Qg2 g5 19. g4 Qe8 20. Bf2 Na6 21. h4 Re7 22.
Ne2 Qg6 23. Nec3 Nd7 24. Qf1 Bf6 25. Qe2 gxh4 26. Bxh4 Bxh4 27. Rxh4 Rh7 28.
Rdh1 Kf7 29. Rh5 Rah8 30. Rf5+ Kg7 31. Na7 h5 32. Rh4 Nf6 33. g5 Nd7 34. Nc6
Qe8 35. g6 Qxg6 36. Rh2 Kh6 37. Rhxh5+ Qxh5 38. Rxh5+ Kxh5 39. Qg2 Kh6 40. Qh3+
Kg6 41. Qg4+ 1-0

[Event "4. Open Hotel Avenida de Canarias 2010"]
[Site "Vecindario ESP"]
[Date "2010.07.19"]
[Round "3.2"]
[White "Torres Ventosa, Pedro Eugenio"]
[Black "Kurajica, Bojan"]
[Result "0-1"]
[WhiteElo "2245"]
[BlackElo "2528"]
[PlyCount "44"]
[EventDate "2010.07.18"]
[EventType "swiss"]
[EventRounds "9"]
[EventCountry "ESP"]
[Source "lmi"]
[SourceDate "2010.07.18"]

1. e4 c5 2. Nf3 Nc6 3. c3 d5 4. exd5 Qxd5 5. d4 Nf6 6. Be3 cxd4 7. cxd4 e6 8.
a3 Be7 9. Nc3 Qa5 10. Bd3 Nd5 11. Bd2 O-O 12. Bxh7+ Kxh7 13. Ne4 Qd8 14. h4 Rh8
15. h5 Kg8 16. h6 Nf6 17. Nfg5 Rxh6 18. Rxh6 gxh6 19. Nxf6+ Bxf6 20. Ne4 Bg7
21. Qh5 Qxd4 22. Qg4 f5 0-1

[Event "4. Open Hotel Avenida de Canarias 2010"]
[Site "Vecindario ESP"]
[Date "2010.07.19"]
[Round "3.3"]
[White "Vera Gonzalez-Quevedo, Reynaldo"]
[Black "Perez Felipe, Marcos Adrian"]
[Result "1/2-1/2"]
[WhiteElo "2513"]
[BlackElo "2273"]
[PlyCount "43"]
[EventDate "2010.07.18"]
[EventType "swiss"]
[EventRounds "9"]
[EventCountry "ESP"]
[Source "lmi"]
[SourceDate "2010.07.18"]

1. Nf3 Nf6 2. c4 e6 3. g3 b6 4. Bg2 Bb7 5. O-O Be7 6. Nc3 Ne4 7. Nxe4 Bxe4 8.
d3 Bb7 9. e4 c5 10. Re1 O-O 11. d4 cxd4 12. Nxd4 Qc7 13. b3 a6 14. Bb2 Nc6 15.
Qg4 Nxd4 16. Bxd4 f6 17. Rac1 a5 18. a4 Bc5 19. Rcd1 Rf7 20. Re2 Bc6 21. h4 Qb7
22. h5 1/2-1/2

[Event "4. Open Hotel Avenida de Canarias 2010"]
[Site "Vecindario ESP"]
[Date "2010.07.19"]
[Round "3.4"]
[White "Trujillo Alvarado, Ivan"]
[Black "Munoz Pantoja, Miguel"]
[Result "0-1"]
[WhiteElo "2196"]
[BlackElo "2494"]
[PlyCount "94"]
[EventDate "2010.07.18"]
[EventType "swiss"]
[EventRounds "9"]
[EventCountry "ESP"]
[Source "lmi"]
[SourceDate "2010.07.18"]

1. Nf3 c5 2. c4 Nc6 3. g3 g6 4. Bg2 Bg7 5. O-O e5 6. Nc3 Nge7 7. d3 d6 8. Rb1
b6 9. Ne1 Bb7 10. Nc2 Qd7 11. Ne3 O-O 12. Ned5 Nxd5 13. Nxd5 Ne7 14. Nxe7+ Qxe7
15. Bxb7 Qxb7 16. Be3 d5 17. cxd5 Qxd5 18. Qa4 f5 19. f3 Rf7 20. b3 Rd8 21. Kg2
h6 22. Rbc1 Bf8 23. Qc4 Rfd7 24. Rc2 Qxc4 25. Rxc4 Kf7 26. Rh4 h5 27. Rc4 Ke6
28. Bg5 Rc8 29. Rfc1 a5 30. Be3 Ra8 31. f4 Bg7 32. Kf3 Bf6 33. h3 Rg8 34. Rg1
g5 35. fxg5 Bxg5 36. Bf2 Rf7 37. a3 Be7 38. Rgc1 Bd6 39. Be1 Kd5 40. Rh4 Rg5
41. Rd1 Kc6 42. Rc4 e4+ 43. dxe4 fxe4+ 44. Kxe4 Bxg3 45. Bxg3 Rxg3 46. Rd3 Rg2
47. Re3 Re7+ 0-1

[Event "4. Open Hotel Avenida de Canarias 2010"]
[Site "Vecindario ESP"]
[Date "2010.07.19"]
[Round "3.5"]
[White "Bressac, Stephane"]
[Black "Andres Gonzalez, Alberto"]
[Result "0-1"]
[WhiteElo "2190"]
[BlackElo "2492"]
[PlyCount "86"]
[EventDate "2010.07.18"]
[EventType "swiss"]
[EventRounds "9"]
[EventCountry "ESP"]
[Source "lmi"]
[SourceDate "2010.07.18"]

1. e4 c5 2. Nf3 d6 3. d4 cxd4 4. Nxd4 Nf6 5. Nc3 Nc6 6. g3 e5 7. Nde2 Be7 8.
Bg2 O-O 9. O-O Be6 10. h3 a6 11. Nd5 Rc8 12. g4 Nd7 13. b3 Bg5 14. Ba3 Nc5 15.
b4 Na4 16. b5 axb5 17. Bxd6 Re8 18. Rb1 Qa5 19. Qd3 b4 20. Qg3 Qa6 21. Qd3 Nc3
22. Qd1 Qa5 23. Qd3 Na4 24. Qg3 Qa6 25. Qd3 Nc3 26. Nexc3 bxc3 27. Qxa6 bxa6
28. Nxc3 Bc4 29. Rfd1 f6 30. Nd5 Bxa2 31. Ra1 Bc4 32. Nb6 Be2 33. Nxc8 Bxd1 34.
Rxd1 Rxc8 35. Bc5 Nd4 36. Bxd4 exd4 37. Rxd4 Rxc2 38. Ra4 Bh4 39. Rxa6 Bxf2+
40. Kh1 Bd4 41. Kh2 Kf7 42. Kg3 Kg6 43. Kf3 Bf2 0-1

[Event "4. Open Hotel Avenida de Canarias 2010"]
[Site "Vecindario ESP"]
[Date "2010.07.19"]
[Round "3.6"]
[White "Garcia Padron, Jose"]
[Black "Menvielle Laccourreye, Augusto"]
[Result "0-1"]
[WhiteElo "2455"]
[BlackElo "2245"]
[PlyCount "84"]
[EventDate "2010.07.18"]
[EventType "swiss"]
[EventRounds "9"]
[EventCountry "ESP"]
[Source "lmi"]
[SourceDate "2010.07.18"]

1. e4 e6 2. d4 d5 3. exd5 exd5 4. Nf3 Bd6 5. c4 dxc4 6. Bxc4 Nf6 7. O-O O-O 8.
h3 h6 9. Nc3 Nc6 10. Re1 Bf5 11. a3 a6 12. d5 Nb8 13. Nd4 Bh7 14. Qf3 Nbd7 15.
Ne6 Qe7 16. Bxh6 fxe6 17. Rxe6 Qf7 18. Bf4 Ne8 19. g3 Ne5 20. Qe2 Nxc4 21. Qxc4
Bxf4 22. gxf4 Nd6 23. Qd4 Qxf4 24. Qxf4 Rxf4 25. Rae1 Raf8 26. R1e2 R4f7 27.
R6e3 Nf5 28. Re8 Rxe8 29. Rxe8+ Rf8 30. Re1 Nd6 31. Kg2 Re8 32. Rd1 Kf7 33. Rd2
Bf5 34. Rd1 Ne4 35. Rc1 Nxc3 36. Rxc3 Be4+ 37. f3 Bxd5 38. Rxc7+ Kf6 39. Kf2
Bc6 40. b4 Rd8 41. Ke2 Rh8 42. a4 Rxh3 0-1

[Event "4. Open Hotel Avenida de Canarias 2010"]
[Site "Vecindario ESP"]
[Date "2010.07.19"]
[Round "3.7"]
[White "Leon Varela, Luis"]
[Black "Campos Gambuti, Luis Maria"]
[Result "1/2-1/2"]
[WhiteElo "2170"]
[BlackElo "2446"]
[PlyCount "59"]
[EventDate "2010.07.18"]
[EventType "swiss"]
[EventRounds "9"]
[EventCountry "ESP"]
[Source "lmi"]
[SourceDate "2010.07.18"]

1. d4 d5 2. c4 dxc4 3. e4 Nf6 4. e5 Nd5 5. Bxc4 Nb6 6. Bd3 Nc6 7. Be3 Nb4 8.
Be4 f5 9. Bf3 N4d5 10. Nh3 Be6 11. O-O Qd7 12. a4 a5 13. Nd2 Bf7 14. Nb3 e6 15.
Nc5 Qc8 16. Nf4 Nxe3 17. fxe3 c6 18. Rc1 Bxc5 19. Rxc5 O-O 20. e4 g5 21. Nh5
Bxh5 22. Bxh5 fxe4 23. Bf7+ Rxf7 24. Rxf7 Kxf7 25. Qh5+ Ke7 26. Qxg5+ Kd7 27.
Qg7+ Kd8 28. Qf8+ Kd7 29. Qf7+ Kd8 30. Qf8+ 1/2-1/2

[Event "4. Open Hotel Avenida de Canarias 2010"]
[Site "Vecindario ESP"]
[Date "2010.07.19"]
[Round "3.8"]
[White "Vidarte Morales, Arturo"]
[Black "Morales Camacho, Julian"]
[Result "1-0"]
[WhiteElo "2409"]
[BlackElo "2223"]
[PlyCount "77"]
[EventDate "2010.07.18"]
[EventType "swiss"]
[EventRounds "9"]
[EventCountry "ESP"]
[Source "lmi"]
[SourceDate "2010.07.18"]

1. d4 d5 2. c4 dxc4 3. e4 c5 4. d5 e6 5. Nc3 Nf6 6. Bxc4 exd5 7. exd5 Bd6 8.
Nf3 O-O 9. O-O a6 10. a4 Bf5 11. Re1 Qc7 12. Bg5 Nbd7 13. Bd3 Bg6 14. Bxg6 hxg6
15. Bh4 Rfe8 16. Qc2 Rxe1+ 17. Rxe1 Rb8 18. Bg3 b5 19. axb5 axb5 20. Ng5 Bxg3
21. hxg3 Qd6 22. Rd1 Qe5 23. Nf3 Qd6 24. Ne4 Nxe4 25. Qxe4 Nf6 26. Qh4 Re8 27.
Ng5 Re5 28. Qh8+ Kxh8 29. Nxf7+ Kg8 30. Nxd6 b4 31. b3 Rxd5 32. Rxd5 Nxd5 33.
Ne4 Kf7 34. Nxc5 Kf6 35. Nd3 Kf5 36. f3 g5 37. Kf2 g6 38. Ke2 g4 39. Nf2 1-0